Narraciones extraordinarias.
Uloženo v:
| Hlavní autor: | |
|---|---|
| Další autoři: | |
| Médium: | Kniha |
| Vydáno: |
Barcelona, España:
Alma,
2017.
|
| Vydání: | Edición revisada y actualizada. |
| Edice: | Clásicos Ilustrados.
|
| Témata: | |
| Tagy: |
Přidat tag
Žádné tagy, Buďte první, kdo vytvoří štítek k tomuto záznamu!
|
MARC
| LEADER | 00000nam a22000007a 4500 | ||
|---|---|---|---|
| 003 | CL-VaPUC | ||
| 005 | 20250321101918.0 | ||
| 008 | 250114t2017 ||||| |||| 00| 0 eng d | ||
| 999 | |c 446493 |d 446491 | ||
| 020 | |a 978-84-15618-69-0 | ||
| 040 | |c Pontificia Universidad Católica de Valparaíso | ||
| 082 | |a 813 POE 2017 | ||
| 100 | |9 313715 |a Poe, Edgar Allan |e autor | ||
| 245 | |a Narraciones extraordinarias. | ||
| 250 | |a Edición revisada y actualizada. | ||
| 260 | |a Barcelona, España: |b Alma, |c 2017. | ||
| 300 | |a 556 páginas; |b ilustraciones. | ||
| 490 | |a Clásicos Ilustrados. | ||
| 500 | |a c.1 Instituto Arcos.08-01-2025. | ||
| 583 | |c 20250114 |k Gabriela Rodríguez Cuevas | ||
| 650 | 0 | |9 317168 |a Literatura estadounidense |x Cuentos de terror |y Siglo 19 | |
| 700 | |9 890811 |a Coulthart, John |e ilustraciones | ||
| 942 | |2 ddc |c BK |n 0 | ||
| 952 | |0 0 |1 0 |2 ddc |4 0 |6 813_000000000000000_POE_2017 |7 0 |9 599261 |a BIBINC |b BIBINC |c GEN |d 2025-01-14 |e Instituto Arcos |i 5664075 |l 3 |m 1 |o 813 POE 2017 |p 5664075 |r 2025-04-23 |s 2025-04-16 |t 1 |w 2025-01-14 |y BK |k IFP | ||